000 00229nam a22000857a 4500
008 160921b xxu||||| |||| 00| 0 eng d
100 _9690
_aAggarwal.R.S.
245 _aMathematics-4th Edition
260 _aNew Delhi
_bBharati Bhawan
_c2008
999 _c3347
_d3347